01885nam a2200397 a 4500001001200000003000800012006001900020007001500039008004100054010001700095020002500112020002200137020002400159020002100183040002100204035002100225043001200246050002600258245026300284260005700547300006100604504005400665533015200719650003300871650004200904650004400946650006300990650005001053655002901103710005701132710006901189710006901258710001701327856012601344999001701470ebr10309980CaPaEBRm u cr cn|||||||||091006s2009 dcuab sb 000 0 eng d z 2009924737 z9780309130578 (Book) z0309130573 (Book) z9780309130585 (PDF) z0309130581 (PDF) aCaPaEBRcCaPaEBR a(OCoLC)649900758 an-us---14aGB1399.2b.M37 2009eb00aMapping the zoneh[electronic resource] :bimproving flood map accuracy /cCommittee on FEMA Flood Maps, Board on Earth Sciences and Resources/Mapping Science Committee, Water Science and Technology Board, National Research Council of the National Academies. aWashington, D.C. :bNational Academies Press,c2009. axiv, 122 p. :bill. (chiefly col.), maps (chiefly col.). aIncludes bibliographical references (p. 101-104). aElectronic reproduction.bPalo Alto, Calif. :cebrary,d2013.nAvailable via World Wide Web.nAccess may be limited to ebrary affiliated libraries. 0aFloodszUnited StatesvMaps. 0aFloodplain managementzUnited States. 0aFlood forecastingzUnited StatesvMaps. 0aAerial photography in watershed managementzUnited States. 0aFloodplainsxMonitoringzUnited StatesvMaps. 7aElectronic books.2local1 aUnited States.bFederal Emergency Management Agency.1 aUnited States.bNational Oceanic and Atmospheric Administration.2 aNational Research Council (U.S.).bCommittee on FEMA Flood Maps.2 aebrary, Inc.40uhttp://site.ebrary.com/lib/rucke/Doc?id=10309980zAn electronic book accessible through the World Wide Web; click to view c62674d62674